Statistics for Acronyms of New York City

Click here to take the quiz!

General Stats

  • This quiz has been taken 327 times
    (272 since last reset)
  • The average score is 9 of 24

Answer Stats

HintAnswer% Correct
NYPDNew York Police Department
98%
NYUNew York University
82%
JFKJohn F. Kennedy International Airport
77%
LGALaGuardia Airport
67%
NYSENew York Stock Exchange
63%
WTCWorld Trade Center
63%
MoMAMuseum of Modern Art
60%
MSGMadison Square Garden
43%
NoHoNorth of Houston
42%
SoHoSouth of Houston
41%
LIRRLong Island Rail Road
31%
NoLitaNorth of Little Italy
28%
DKNYDonna Karan New York
26%
UESUpper East Side
24%
UWSUpper West Side
24%
TriBeCaTriangle Below Canal
22%
FiDiFinancial District
21%
LESLower East Side
20%
LICLong Island City
17%
DUMBODown Under Manhattan Bridge Overpass
17%
MTAMetropolitan Transportation Authority
17%
EWRNewark Liberty International Airport
9%
PABTPort Authority Bus Terminal
7%
NoMadNorth of Madison Park
4%

Score Distribution

Percentile by Number Answered

Percent of People with Each Score

Your Score History

You have not taken this quiz since the last reset